[Event "2.BLS 0203 Pang Rosenheim - Karlsruher "]
[Site "?"]
[Date "2003.02.23"]
[Round "7.6"]
[White "Salvermoser, Bernd"]
[Black "Bach, Edwin"]
[Result "1/2-1/2"]
[WhiteElo "2306"]
[BlackElo "2302"]
[PlyCount "99"]
[EventDate "2003.??.??"]

1. d4 d5 2. c4 c6 3. Nf3 Nf6 4. Nc3 e6 5. Bg5 dxc4 6. e4 b5 7. e5 h6 8. Bh4 g5
9. Nxg5 hxg5 10. Bxg5 Nbd7 11. exf6 Qa5 12. Be2 Bb7 13. O-O O-O-O 14. Qc1 c5
15. dxc5 Bxc5 16. Qf4 Ne5 17. Rad1 Nd3 18. Qg3 Bd6 19. f4 b4 20. Bxd3 cxd3 21.
Nb1 Qxa2 22. Kh1 Kb8 23. Nd2 Qxb2 24. Nc4 Qd4 25. Nxd6 Qxd6 26. h4 Ka8 27. Qe3
Qd4 28. Rfe1 Rd5 29. Kg1 Bc6 30. f5 Qxe3+ 31. Rxe3 Rxf5 32. Rexd3 Rd5 33. Kf2
Kb7 34. g4 a5 35. Rxd5 Bxd5 36. h5 Kb6 37. h6 a4 38. Ke3 a3 39. Bf4 Kb5 40. g5
Bb3 41. Rd7 Bc2 42. Rxf7 b3 43. Be5 Kc4 44. Rb7 Rh7 45. f7 Rxf7 46. Rxf7 b2 47.
Rf1 b1=Q 48. Rxb1 Bxb1 49. Kf4 Kd5 50. Ba1 {(=)} 1/2-1/2

[Event "2.BLS 0203 Pang Rosenheim - Karlsruher "]
[Site "?"]
[Date "2003.02.23"]
[Round "7.7"]
[White "Pfrommer, Christoph"]
[Black "Maurer, Jochen"]
[Result "1/2-1/2"]
[WhiteElo "2293"]
[BlackElo "2172"]
[PlyCount "98"]
[EventDate "2003.??.??"]

1. e4 c5 2. Nf3 d6 3. d4 cxd4 4. Nxd4 Nf6 5. Nc3 a6 6. f3 e5 7. Nb3 Be7 8. Be3
Be6 9. Qd2 O-O 10. g4 d5 11. exd5 Nxd5 12. Nxd5 Bxd5 13. Bg2 Bh4+ 14. Bf2 Bxf2+
15. Qxf2 Qg5 16. Qd2 Qh4+ 17. Qf2 Qg5 18. Qd2 Qxd2+ 19. Nxd2 Nc6 20. c3 f5 21.
O-O f4 22. Rf2 Rae8 23. Re1 Re7 24. Bf1 e4 25. fxe4 Be6 26. h3 Ne5 27. a3 g5
28. Nf3 Nxf3+ 29. Rxf3 Bd5 {(=)} 30. Bd3 Rfe8 31. Rf2 Re5 32. Rfe2 Bb3 33. Rd2
Kg7 34. Bb1 Kf6 35. Ree2 Bd5 36. Rd4 Bc6 37. Kf2 h5 38. Rd6+ R8e6 39. Rxe6+
Kxe6 40. gxh5 Kf6 41. h6 Kg6 42. Kf3 Kxh6 43. h4 gxh4 44. Kxf4 Rg5 45. e5 h3
46. Be4 Bxe4 47. Kxe4 Rg2 48. Re3 h2 49. Rh3+ Kg5 1/2-1/2

[Event "2.BLS 0203 SG Kirchheim - Schmiden Cann"]
[Site "?"]
[Date "2003.02.23"]
[Round "7.1"]
[White "Schnepp, Gunnar"]
[Black "Gschnitzer, Oswald Dr"]
[Result "0-1"]
[WhiteElo "2278"]
[BlackElo "2428"]
[PlyCount "100"]
[EventDate "2003.??.??"]

1. d4 Nf6 2. c4 e6 3. Nf3 b6 4. a3 Bb7 5. Nc3 g6 6. Qc2 Bxf3 7. exf3 Bg7 8. Be3
O-O 9. Be2 Nc6 10. O-O Ne7 11. Rfd1 c6 12. Bf4 d5 13. Be5 dxc4 14. Bxc4 Nfd5
15. Nxd5 Nxd5 16. Bxg7 Kxg7 17. Ba6 Qd7 18. Rac1 Ne7 19. Qe4 b5 20. a4 bxa4 21.
Qc2 Rab8 22. Qxa4 Rb6 23. Bf1 Rfb8 24. Ra1 Rxb2 25. Qxa7 Qxa7 26. Rxa7 Nf5 27.
Rc7 Rb1 28. Rxb1 Rxb1 29. g3 Nxd4 30. Kg2 Rc1 31. f4 Nb3 32. Ba6 Rc2 33. Bc8
Kf8 34. Bd7 Nd4 35. g4 c5 36. h4 h5 37. gxh5 gxh5 38. Ba4 Rc1 39. Rc8+ Kg7 40.
Bc6 Nf5 41. Kh3 Rc3+ 42. f3 Rc4 43. Be4 Nd6 44. Rc6 Nxe4 45. fxe4 Rxe4 46. Rxc5
Rxf4 47. Rxh5 f6 48. Kg2 Rg4+ 49. Kf3 f5 50. Kf2 Rg6 0-1

[Event "2.BLS 0203 SG Kirchheim - Schmiden Cann"]
[Site "?"]
[Date "2003.02.23"]
[Round "7.2"]
[White "Tompa, Janos"]
[Black "Birk, Steffen"]
[Result "0-1"]
[WhiteElo "2409"]
[BlackElo "2272"]
[PlyCount "146"]
[EventDate "2003.??.??"]

1. e4 Nf6 2. d3 e5 3. Nf3 Nc6 4. Be2 d5 5. Nbd2 Bc5 6. O-O O-O 7. c3 a5 8. Qc2
Re8 9. b3 d4 10. Bb2 dxc3 11. Bxc3 b6 12. Nc4 Bd4 13. Nxd4 Nxd4 14. Qb2 c5 15.
f4 exf4 16. Bxd4 cxd4 17. Rxf4 b5 18. Na3 Qb6 19. Bf3 Bb7 20. Rf5 Bc6 21. b4
axb4 22. Qxb4 Bd7 23. Nc4 Qd8 24. Rxb5 Bxb5 25. Qxb5 Qc7 26. Qb2 Qc5 27. Qd2
Nd7 28. Rf1 Ne5 29. Nxe5 Rxe5 30. Bd1 Re7 31. Bb3 g6 32. Rc1 Qe5 33. Qf2 Kg7
34. g3 Rf8 35. Rc4 Rd8 36. Rc2 Rc7 37. Rxc7 Qxc7 38. Bd5 Qa7 39. Kg2 Rd7 40.
Qf4 Qb6 41. Bb3 f6 42. h4 Qd6 43. Qg4 Rc7 44. Bc4 Rc5 45. Qe2 f5 46. exf5 Rxf5
47. Qe8 Rf8 48. Qe2 Qc6+ 49. Kh2 Re8 50. Qf2 Qf6 51. Qxf6+ Kxf6 52. a4 Re5 53.
Kh3 Kf5 54. Bb5 Rd5 55. Bc6 Rc5 56. Bd7+ Ke5 57. Kg4 h6 58. Be8 Kf6 59. Kf3 Re5
60. Bb5 g5 61. hxg5+ Kxg5 62. Kf2 Re7 63. Kf3 Kf5 64. a5 Re5 65. Bd7+ Kg5 66.
a6 Re3+ 67. Kf2 Rxd3 68. Bc6 Ra3 69. Bb7 Kf5 70. Kg2 Ke5 71. Kf2 Kd6 72. Bc8
Kc5 73. g4 Kc4 0-1

[Event "2.BLS 0203 SG Kirchheim - Schmiden Cann"]
[Site "?"]
[Date "2003.02.23"]
[Round "7.3"]
[White "Krockenberger, Martin"]
[Black "Bokros, Albert"]
[Result "0-1"]
[WhiteElo "2264"]
[BlackElo "2420"]
[PlyCount "118"]
[EventDate "2003.??.??"]

1. c4 b6 2. Nf3 Bb7 3. g3 e5 4. d3 Bb4+ 5. Nbd2 Bxf3 6. exf3 Nc6 7. Bg2 Nge7 8.
O-O O-O 9. Nb3 a5 10. a3 Bc5 11. f4 d6 12. Nxc5 bxc5 13. Qa4 Ra6 14. fxe5 Nxe5
15. Rd1 Nf5 16. Bf4 Nd4 17. Bxe5 dxe5 18. Re1 Qd6 19. Rab1 g6 20. Qd1 Rb6 21.
Qd2 a4 22. h4 Rb3 23. h5 c6 24. hxg6 fxg6 25. Qe3 Qf6 26. Rf1 Qf5 27. Be4 Qh3
28. Bg2 Qh5 29. Be4 Nf3+ 30. Bxf3 Rxf3 31. Qxc5 Rbxd3 32. Qxc6 Rxg3+ 33. fxg3
Rxg3+ 34. Qg2 Rxg2+ 35. Kxg2 Qe2+ 36. Kg3 Qxc4 37. Rbc1 Qb3+ 38. Kg4 Qe6+ 39.
Kg3 h5 40. Kh2 Kg7 41. Rf2 e4 42. Re1 Qe5+ 43. Kh1 h4 44. Re3 g5 45. Rfe2 Kg6
46. Rxe4 Qd5 47. Kg1 Kf5 48. Rb4 g4 49. Rf2+ Kg5 50. Rff4 Qd1+ 51. Rf1 Qe2 52.
Rf2 Qe1+ 53. Rf1 Qg3+ 54. Kh1 h3 55. Rg1 Qf3+ 56. Kh2 Qf2+ 57. Kh1 g3 58. Rb5+
Kf4 59. Rb4+ Kf3 0-1

[Event "2.BLS 0203 SG Kirchheim - Schmiden Cann"]
[Site "?"]
[Date "2003.02.23"]
[Round "7.4"]
[White "Wintzer, Joachim Dr"]
[Black "Thoma, Christian"]
[Result "1/2-1/2"]
[WhiteElo "2367"]
[BlackElo "2239"]
[PlyCount "118"]
[EventDate "2003.??.??"]

1. c4 Nf6 2. Nc3 c5 3. Nf3 e6 4. e4 d6 5. d4 cxd4 6. Nxd4 b6 7. g4 Bb7 8. Qe2
Be7 9. Bg2 O-O 10. O-O Nfd7 11. Be3 Nc6 12. Nxc6 Bxc6 13. Rfd1 a6 14. a4 Qc7
15. Rac1 Bb7 16. b3 Nc5 17. Qb2 Bf6 18. Qb1 g5 19. Ne2 Qe7 20. Ng3 Be5 21. Nh5
f6 22. Rf1 Kh8 23. Rcd1 Rad8 24. Kh1 Bc6 25. f4 gxf4 26. Bxf4 Qb7 27. Rde1 Rg8
28. h3 Rg6 29. Re2 Ra8 30. Kh2 Rf8 31. Qc1 Kg8 32. Bg3 Bxg3+ 33. Nxg3 Qc7 34.
Qc3 Nd7 35. Kh1 Rg5 36. Nh5 Re5 37. Ref2 Qb7 38. Ng3 Nc5 39. Qe3 Nxe4 40. Nxe4
Bxe4 41. Bxe4 Rxe4 42. Qf3 d5 43. Kg1 Qc7 44. cxd5 exd5 45. Qd3 Qe5 46. Rf5 Re3
47. Rxe5 Rxd3 48. Re6 Rxb3 49. Rfxf6 Rxf6 50. Rxf6 d4 51. Kf2 Kg7 52. g5 a5 53.
h4 b5 54. axb5 Rxb5 55. Ke2 Rb3 56. Rd6 d3+ 57. Kd2 a4 58. Ra6 a3 59. h5 Rb2+
1/2-1/2

[Event "2.BLS 0203 SG Kirchheim - Schmiden Cann"]
[Site "?"]
[Date "2003.02.23"]
[Round "7.6"]
[White "Beckhuis, Gernod"]
[Black "Bauer, Manfred"]
[Result "1-0"]
[WhiteElo "2283"]
[BlackElo "2246"]
[PlyCount "75"]
[EventDate "2003.??.??"]

1. Nf3 Nf6 2. c4 g6 3. Nc3 d5 4. d4 Bg7 5. cxd5 Nxd5 6. e4 Nxc3 7. bxc3 O-O 8.
Be2 b6 9. O-O Bb7 10. Qd3 Qd7 11. Be3 e6 12. Rad1 Nc6 13. h4 Rad8 14. h5 Ne7
15. Qc2 Qc6 16. Bd3 f5 17. h6 Bf6 18. e5 Bh8 19. Bg5 Nd5 20. Bxd8 Rxd8 21. Rfe1
Rd7 22. Rc1 g5 23. Bxf5 exf5 24. Qxf5 Ne7 25. Qg4 Bc8 26. Qxg5+ Kf8 27. Qf4+
Ke8 28. e6 Rd5 29. Qf7+ Kd8 30. Qxh7 Qe8 31. Re4 Qf8 32. Rce1 Rh5 33. Rh4 Rf5
34. Ree4 Bb7 35. Ref4 c5 36. Rxf5 Nxf5 37. Rf4 Qxh6 38. Qd7# 1-0

[Event "2.BLS 0203 SK Bebenhausen - SK Viernhei"]
[Site "?"]
[Date "2003.02.24"]
[Round "7.1"]
[White "Beikert, Guenther Dr"]
[Black "Gheng, Josef"]
[Result "1/2-1/2"]
[WhiteElo "2444"]
[BlackElo "2314"]
[PlyCount "138"]
[EventDate "2003.??.??"]

1. e4 e5 2. Nf3 d6 3. d4 exd4 4. Nxd4 Nf6 5. Nc3 Be7 6. g3 Bg4 7. f3 Bd7 8. Bg2
O-O 9. O-O Re8 10. b3 c5 11. Nde2 Bc6 12. Bb2 Na6 13. Nf4 Nc7 14. Rf2 b5 15.
Rd2 Qb8 16. Qf1 Qb7 17. Re1 Bf8 18. Nd1 Nd7 19. Ne3 Nb6 20. c4 bxc4 21. bxc4
Ne6 22. Nfd5 Rab8 23. Qd3 Bxd5 24. cxd5 Nc7 25. f4 Na4 26. Ba1 Qb4 27. e5 Nb6
28. Rc1 Rbd8 29. exd6 Nb5 30. Rb2 Qd4 31. Qxd4 Nxd4 32. Kf2 Bxd6 33. Rd2 Nb5
34. Bf1 Nc7 35. Bb2 Bf8 36. Bg2 Nb5 37. Nc4 Nxc4 38. Rxc4 Nd6 39. Ra4 Re7 40.
Ba3 Rc8 41. Rc2 f5 42. Bb2 Rb8 43. Be5 Kf7 44. Ke2 g6 45. Ra5 c4 46. Ra4 Rb6
47. Bf3 Rc7 48. Kf2 Rd7 49. Bxd6 Bxd6 50. Raxc4 h5 {(=)} 51. Ra4 Kf6 52. Be2
Ke7 53. Bd3 Bb4 54. Kf3 a5 55. Bc4 Ra7 56. a3 Bc5 57. Ba2 Kd6 58. Rac4 Rc7 59.
R4c3 Rbb7 60. Re2 Re7 61. Re6+ Rxe6 62. dxe6 a4 63. Rd3+ Kc7 64. Bc4 Rb2 65.
Rd7+ Kb8 66. Be2 Rb3+ 67. Kg2 Rb2 68. Kf3 Rb3+ 69. Kg2 Rb2 1/2-1/2

[Event "2.BLS 0203 SK Bebenhausen - SK Viernhei"]
[Site "?"]
[Date "2003.02.24"]
[Round "7.3"]
[White "Mandel, Andreas"]
[Black "Hoensch, Matthias"]
[Result "1-0"]
[WhiteElo "2367"]
[BlackElo "2312"]
[PlyCount "83"]
[EventDate "2003.??.??"]

1. Nf3 g6 2. d4 Bg7 3. c4 d6 4. Nc3 Nf6 5. g3 O-O 6. Bg2 c6 7. O-O Nbd7 8. e4
Qc7 9. h3 e5 10. Be3 Re8 11. Qc2 Nf8 12. Rfd1 exd4 13. Nxd4 Ne6 14. Rd2 Nxd4
15. Bxd4 Be6 16. Ne2 Rad8 17. Nf4 Nd7 18. Bxg7 Kxg7 19. Rad1 Nf8 20. Qc3+ Kg8
21. b3 Qe7 22. Rd3 Rd7 23. Re3 f6 24. Nd5 cxd5 25. exd5 Rc7 26. dxe6 b5 27. Bd5
bxc4 28. bxc4 Rb8 29. Kg2 g5 30. Qd4 Ng6 31. Rb3 Rxb3 32. axb3 Kg7 33. Ra1 h5
34. f4 gxf4 35. gxf4 Kh6 36. f5 Ne5 37. Qf4+ Kh7 38. Kh1 Rc8 39. Qf2 Rc5 40.
Qh4 Kh6 41. Rg1 Rc7 42. Bf3 1-0

[Event "2.BLS 0203 SK Bebenhausen - SK Viernhei"]
[Site "?"]
[Date "2003.02.24"]
[Round "7.4"]
[White "Lorscheid, Gerhard"]
[Black "Wegerle, Joerg"]
[Result "1/2-1/2"]
[WhiteElo "2307"]
[BlackElo "2365"]
[PlyCount "56"]
[EventDate "2003.??.??"]

1. d4 d5 2. c4 c6 3. Nc3 Nf6 4. e3 e6 5. Nf3 Nbd7 6. Qc2 b6 7. Be2 Be7 8. O-O
Bb7 9. e4 dxe4 10. Nxe4 c5 11. Nxf6+ Bxf6 12. Rd1 Qc7 13. Be3 O-O 14. Rac1 Rad8
15. h3 Bxf3 16. Bxf3 cxd4 17. Bxd4 Bxd4 18. Rxd4 Ne5 19. Rcd1 Rxd4 20. Rxd4 Rd8
21. Rxd8+ Qxd8 22. Qc3 Nxf3+ 23. Qxf3 g6 24. Qc3 Qd1+ 25. Kh2 Qd6+ 26. Kg1 Qd1+
27. Kh2 Qd6+ 28. Kg1 Qd1+ 1/2-1/2

[Event "2.BLS 0203 SK Bebenhausen - SK Viernhei"]
[Site "?"]
[Date "2003.02.24"]
[Round "7.5"]
[White "Spiegel, Stefan Dr"]
[Black "Kabisch, Thilo"]
[Result "1-0"]
[WhiteElo "2288"]
[BlackElo "2310"]
[PlyCount "121"]
[EventDate "2003.??.??"]

1. e4 e5 2. Nf3 Nc6 3. Bb5 a6 4. Ba4 Nf6 5. d3 b5 6. Bb3 Be7 7. O-O Bb7 8. Re1
h6 9. Nbd2 O-O 10. Nf1 Re8 11. c3 Bf8 12. Ng3 Na5 13. Bc2 c5 14. d4 d6 15. d5
Nc4 16. h3 g6 17. Nh2 Bc8 18. b3 Nb6 19. f4 exf4 20. Bxf4 Ra7 21. Qf3 Bg7 22.
Rad1 Nh7 23. Bd2 Ng5 24. Qf2 Nd7 25. Nf3 Nxf3+ 26. Qxf3 Ne5 27. Qf2 a5 28. Be3
b4 29. Bd2 Bd7 30. a4 bxa3 31. Ra1 a4 32. Rxa3 Qb6 33. bxa4 Nc4 34. Ra2 Qa5 35.
Rb1 Bxc3 36. Bxc3 Qxc3 37. Ne2 Qe3 38. Qxe3 Nxe3 39. Nc3 Rea8 40. Rba1 Ra6 41.
Bd3 c4 42. Kf2 Nxg2 43. Bxc4 Nf4 44. Bxa6 Nxh3+ 45. Ke3 Rxa6 46. a5 g5 47. Rb1
Kg7 48. Rb6 Ra7 49. a6 g4 50. Rb7 Rxa6 51. Rxa6 Bc8 52. Rbb6 Bxa6 53. Rxa6 h5
54. Rxd6 g3 55. Kf3 h4 56. Ra6 f6 57. Ra7+ Kf8 58. d6 Ke8 59. Nd5 Ng5+ 60. Kg2
Nxe4 61. Re7+ 1-0

[Event "2.BLS 0203 SK Bebenhausen - SK Viernhei"]
[Site "?"]
[Date "2003.02.24"]
[Round "7.6"]
[White "Maeurer, Christoph Dr"]
[Black "Martin, Stefan"]
[Result "1-0"]
[WhiteElo "2330"]
[BlackElo "2223"]
[PlyCount "67"]
[EventDate "2003.??.??"]

1. g3 d5 2. Bg2 Nf6 3. f4 g6 4. Nf3 Bg7 5. O-O O-O 6. d3 c5 7. Qe1 Nc6 8. c3 b6
9. Na3 Bb7 10. h3 Re8 11. e4 dxe4 12. dxe4 e5 13. f5 gxf5 14. Nh4 fxe4 15. Nf5
Re6 16. Bg5 Qf8 17. Nb5 h6 18. Nxh6+ Bxh6 19. Bxf6 Nd4 20. cxd4 exd4 21. Qe2
Be3+ 22. Kh2 Qh6 23. Qg4+ Kh7 24. Qf5+ Qg6 25. Nc7 Qxf5 26. Rxf5 Kg6 27. Raf1
Rf8 28. Bxd4 cxd4 29. Nxe6 fxe6 30. Rxf8 d3 31. R8f6+ Kg5 32. Rxe6 d2 33. h4+
Kg4 34. Bh3+ 1-0

[Event "2.BLS 0203 SK Bebenhausen - SK Viernhei"]
[Site "?"]
[Date "2003.02.24"]
[Round "7.8"]
[White "Latzke, Boris Alexander"]
[Black "Bogulavskyy, Oleg"]
[Result "0-1"]
[WhiteElo "2254"]
[BlackElo "2299"]
[PlyCount "120"]
[EventDate "2003.??.??"]

1. d4 Nf6 2. c4 e6 3. Nf3 b6 4. a3 Bb7 5. Nc3 d5 6. cxd5 Nxd5 7. e3 Be7 8. Bb5+
c6 9. Bd3 O-O 10. O-O Nd7 11. e4 Nxc3 12. bxc3 c5 13. Bb2 cxd4 14. cxd4 Nf6 15.
Qe2 Rc8 16. Rad1 Qc7 17. Rfe1 Rfd8 18. h3 Qf4 19. Bb1 Bf8 20. Bc1 Qc7 21. Ng5
h6 22. Nf3 Qc4 23. Bd3 Qb3 24. Nd2 Qa4 25. Bb2 Qa5 26. Nf3 Qa4 27. Nd2 Qa5 28.
Rc1 Qg5 29. Nf3 Qf4 30. Rcd1 Qc7 31. Ne5 b5 32. Nf3 a6 33. Qe3 Qd7 34. Nd2 Qc7
35. Nb3 Qb6 36. Qg3 Kh8 37. Nc5 Bxc5 38. dxc5 Qxc5 39. Bxf6 gxf6 40. Rd2 Qg5
41. Qxg5 hxg5 42. Red1 Rc3 43. Be2 Rxd2 44. Rxd2 Rxa3 45. Rd7 Bc6 46. Rxf7 Rc3
47. Bd1 Rc1 48. Rf8+ Kg7 49. Rd8 Bxe4 50. Kh2 Bd5 51. Bg4 b4 52. Rb8 b3 53. Bf3
Bxf3 54. gxf3 Rb1 55. Rb6 b2 56. Kg2 a5 57. f4 a4 58. fxg5 fxg5 59. Rxe6 a3 60.
Ra6 Ra1 0-1

[Event "2.BLS 0203 SC Eppingen - Pang Rosenheim"]
[Site "?"]
[Date "2003.03.09"]
[Round "8.1"]
[White "Grundherr, Martin"]
[Black "Gyimesi, Zoltan"]
[Result "1/2-1/2"]
[WhiteElo "2343"]
[BlackElo "2596"]
[PlyCount "117"]
[EventDate "2003.??.??"]

1. e4 e5 2. Nf3 Nc6 3. Bb5 a6 4. Ba4 Nf6 5. O-O Be7 6. Nc3 b5 7. Bb3 d6 8. Nd5
Na5 9. d4 Nxb3 10. Nxf6+ Bxf6 11. axb3 exd4 12. Nxd4 Bb7 13. c4 O-O 14. f3 Re8
15. Nf5 Qd7 16. Qc2 g6 17. Nh6+ Kf8 18. Bd2 Bg7 19. Rac1 Rac8 20. Rfe1 Qe7 21.
Ng4 Kg8 22. Bc3 h5 23. Ne3 Be5 24. Bxe5 Qxe5 25. Qc3 Kg7 26. Red1 bxc4 27. bxc4
Rb8 28. Rd2 Bc6 29. c5 Qxc3 30. Rxc3 dxc5 31. Rxc5 Re6 32. Nd5 Bxd5 33. exd5
Reb6 34. Rxc7 Rxb2 35. Rxb2 Rxb2 36. Ra7 Rb6 37. Kf2 Kf6 38. h4 Ke5 39. Rxf7
Kxd5 40. Ke3 Kc4 41. g4 a5 42. gxh5 gxh5 43. Ra7 Rb5 44. Ke4 Kb3 45. f4 a4 46.
f5 Rb4+ 47. Ke5 a3 48. f6 Ra4 49. Rxa4 Kxa4 50. f7 a2 51. f8=Q a1=Q+ 52. Kd5
Qh1+ 53. Kc5 Qxh4 54. Qe8+ Kb3 55. Qe3+ Kc2 56. Qe2+ Kc1 57. Qe3+ Kd1 58. Qd4+
Qxd4+ 59. Kxd4 1/2-1/2

[Event "2.BLS 0203 SC Eppingen - Pang Rosenheim"]
[Site "?"]
[Date "2003.03.09"]
[Round "8.2"]
[White "Acs, Peter"]
[Black "Blaskowski, Johannes"]
[Result "0-1"]
[WhiteElo "2591"]
[BlackElo "2310"]
[PlyCount "68"]
[EventDate "2003.??.??"]

1. e4 c5 2. Nf3 e6 3. d4 cxd4 4. Nxd4 Nf6 5. Nc3 d6 6. Be3 Nc6 7. Qd2 a6 8. f3
Qc7 9. O-O-O Be7 10. g4 b5 11. g5 Nd7 12. Kb1 b4 13. Nce2 Nde5 14. Ng3 Nxd4 15.
Qxd4 O-O 16. Be2 Nc6 17. Qd2 Rd8 18. c4 a5 19. f4 Bf8 20. h4 Bb7 21. h5 Ne7 22.
g6 fxg6 23. hxg6 Nxg6 24. Rh5 Be7 25. Rdh1 Nf8 26. Bd3 Bf6 27. Qf2 Qf7 28. f5
Be5 29. Rg5 Rd7 30. Rg1 Kh8 31. Qg2 exf5 32. Rxf5 Qe6 33. Qh3 Rf7 34. Rgf1 g6
0-1

[Event "2.BLS 0203 SC Eppingen - Pang Rosenheim"]
[Site "?"]
[Date "2003.03.09"]
[Round "8.3"]
[White "Vogel, Robert"]
[Black "Mann, Christian"]
[Result "0-1"]
[WhiteElo "2310"]
[BlackElo "2445"]
[PlyCount "92"]
[EventDate "2003.??.??"]

1. d4 d5 2. c4 Nc6 3. Nf3 Bg4 4. cxd5 Bxf3 5. gxf3 Qxd5 6. e3 e6 7. Nc3 Qh5 8.
Bd2 Nge7 9. Bg2 O-O-O 10. f4 Qxd1+ 11. Rxd1 h6 12. Rc1 Kb8 13. Ke2 Nd5 14. f5
Nxc3+ 15. Rxc3 exf5 16. Bxc6 bxc6 17. Rxc6 Rd5 18. Kd3 Kb7 19. Rhc1 Bd6 20. a4
Rd8 21. h3 f4 22. R6c4 Rh5 23. Bb4 Bxb4 24. Rxb4+ Kc8 25. Rc6 fxe3 26. fxe3
Rxh3 27. Ra6 Re8 28. Rxa7 Rhxe3+ 29. Kc4 R8e6 30. a5 Re1 31. a6 Rc6+ 32. Kb3
Ra1 33. Ra8+ Kd7 34. a7 Rca6 35. Rb7 Kc6 36. Rbb8 Rxa7 37. Rxa7 Rxa7 38. Rf8
Ra5 39. Rxf7 Rg5 40. Kc4 h5 41. b4 h4 42. b5+ Kd6 43. Rf8 Rh5 44. Rd8+ Ke7 45.
Rc8 Kd7 46. Rf8 h3 0-1

[Event "2.BLS 0203 SC Eppingen - Pang Rosenheim"]
[Site "?"]
[Date "2003.03.09"]
[Round "8.4"]
[White "Balzar, Andreas Dr"]
[Black "Duer, Werner"]
[Result "0-1"]
[WhiteElo "2381"]
[BlackElo "2285"]
[PlyCount "121"]
[EventDate "2003.??.??"]

1. e4 c6 2. Nc3 d5 3. Nf3 Bg4 4. h3 Bxf3 5. Qxf3 Nf6 6. d3 e6 7. Bd2 Nbd7 8. g4
g6 9. Bg2 Bg7 10. Qe2 d4 11. Nd1 e5 12. f4 exf4 13. Bxf4 Qa5+ 14. Bd2 Qc7 15.
O-O O-O 16. Bf4 Ne5 17. Nf2 Qe7 18. Nh1 Nfd7 19. Qd2 c5 20. Rf2 c4 21. Bf1 Rac8
22. Ng3 c3 23. bxc3 dxc3 24. Qc1 Nc6 25. Ne2 Nd4 26. Be3 Qd6 27. Bg2 Nxe2+ 28.
Rxe2 Bd4 29. Kh1 Ne5 30. Rb1 b6 31. Bh6 Rfd8 32. Re1 Rc5 33. Rf1 Nc6 34. Bg5 f6
35. Bf4 Be5 36. Be3 Nd4 37. Qd1 Ra5 38. Ra1 Rb5 39. Bc1 Rb2 40. Bxb2 cxb2 41.
Rb1 Nb5 42. Qf3 Na3 43. d4 Bxd4 44. Qb3+ Kg7 45. Rxb2 Bxb2 46. Qxb2 Nc4 47. Qc3
Ne5 48. g5 fxg5 49. Bf3 Qd4 50. Qa3 Qd7 51. Kg2 Nc4 52. Qb3 Qd4 53. Re1 Nd2 54.
Qa3 Rf8 55. Re3 Nxf3 56. Rxf3 Qd2+ 57. Kg3 Qe1+ 58. Kg2 Qe2+ 59. Kg3 Rxf3+ 60.
Qxf3 Qxf3+ 61. Kxf3 0-1

[Event "2.BLS 0203 SC Eppingen - Pang Rosenheim"]
[Site "?"]
[Date "2003.03.09"]
[Round "8.5"]
[White "Geisler, Fabian"]
[Black "Miltner, Arndt"]
[Result "1/2-1/2"]
[WhiteElo "2273"]
[BlackElo "2384"]
[PlyCount "97"]
[EventDate "2003.??.??"]

1. e4 d6 2. d4 Nf6 3. Nc3 e5 4. Nf3 Nbd7 5. Bc4 Be7 6. O-O O-O 7. Re1 c6 8. a4
a5 9. b3 exd4 10. Nxd4 d5 11. exd5 Bb4 12. Bd2 Nb6 13. Bd3 Nbxd5 14. Nce2 Bg4
15. Qc1 Re8 16. c3 Bc5 17. Qc2 Qb6 18. Rf1 Rad8 19. h3 Bh5 20. Rae1 Bg6 21.
Bxg6 hxg6 22. Bg5 Nxc3 23. Qxc3 Bxd4 24. Nxd4 Rxe1 25. Rxe1 Qxd4 26. Qxa5 Rd7
27. Bxf6 gxf6 28. Qa8+ Kg7 29. Qe8 f5 30. Qe2 Qc3 31. Rd1 Rxd1+ 32. Qxd1 Kf6
33. g3 Ke6 34. Qe2+ Kd6 35. Qd1+ Kc5 36. h4 Kb4 37. Qd7 Qxb3 38. Qxb7+ Kxa4 39.
Qxc6+ Ka3 40. Kg2 Kb2 41. h5 gxh5 42. Qf6+ Qc3 43. Qxf5 Qc6+ 44. Kh2 Qg6 45.
Qc5 Kb3 46. Qd5+ Kc3 47. Kg2 f6 48. f3 Qg5 49. Qxg5 1/2-1/2

[Event "2.BLS 0203 SC Eppingen - Pang Rosenheim"]
[Site "?"]
[Date "2003.03.09"]
[Round "8.6"]
[White "Schulze, Ulrich"]
[Black "Salvermoser, Bernd"]
[Result "1-0"]
[WhiteElo "2353"]
[BlackElo "2306"]
[PlyCount "67"]
[EventDate "2003.??.??"]

1. d4 Nf6 2. Nf3 c5 3. d5 d6 4. c4 e5 5. Nc3 Be7 6. e4 Nbd7 7. g3 Nf8 8. Bg2 h5
9. h3 Ng6 10. Be3 a6 11. a4 Bd7 12. a5 b5 13. axb6 Qxb6 14. Qc2 Qb7 15. Ra2 Qc8
16. Kf1 O-O 17. Kg1 Nh7 18. Kh2 f5 19. exf5 Bxf5 20. Ne4 h4 21. Nfd2 hxg3+ 22.
fxg3 Ng5 23. Rf1 Qd7 24. Raa1 Rab8 25. Rxa6 Bxh3 26. Nxg5 Bxg2 27. Kxg2 Nh4+
28. Kh2 Bxg5 29. Rxf8+ Rxf8 30. Bxg5 Rf2+ 31. Kg1 Rg2+ 32. Kf1 Nf3 33. Qg6 Rg1+
34. Kf2 1-0

[Event "2.BLS 0203 SC Eppingen - Pang Rosenheim"]
[Site "?"]
[Date "2003.03.09"]
[Round "8.7"]
[White "Keller, Manfred"]
[Black "Koch, Wolfgang Max Dr"]
[Result "0-1"]
[WhiteElo "2219"]
[BlackElo "2308"]
[PlyCount "84"]
[EventDate "2003.??.??"]

1. e4 d6 2. d4 Nf6 3. Nc3 g6 4. f4 Bg7 5. Nf3 O-O 6. e5 dxe5 7. dxe5 Qxd1+ 8.
Kxd1 Nh5 9. Bd3 c6 10. Be3 Bg4 11. Rf1 f6 12. exf6 exf6 13. h3 Bxf3+ 14. Rxf3
f5 15. Ke2 Nd7 16. g4 fxg4 17. hxg4 Nhf6 18. g5 Nd5 19. Bc4 Bxc3 20. bxc3 N7b6
21. Bb3 Rae8 22. Kf2 Re4 23. Kg3 Nc4 24. Bd4 Nd2 25. Bxd5+ cxd5 26. Rf2 Rxd4
27. cxd4 Ne4+ 28. Kg2 Nxf2 29. Kxf2 Rxf4+ 30. Ke3 Rf5 31. Rb1 b6 32. Rb5 Kf7
33. a4 Rxg5 34. a5 h5 35. axb6 axb6 36. Rxb6 Rf5 37. Rb7+ Kf6 38. Rh7 Kg5 39.
Kd3 Kg4 40. Rg7 g5 41. c4 Rf3+ 42. Ke2 dxc4 0-1

[Event "2.BLS 0203 Schmiden Cannst - SK Viernhe"]
[Site "?"]
[Date "2003.03.09"]
[Round "8.1"]
[White "Beikert, Guenther Dr"]
[Black "Schnepp, Gunnar"]
[Result "1/2-1/2"]
[WhiteElo "2444"]
[BlackElo "2278"]
[PlyCount "98"]
[EventDate "2003.??.??"]

1. e4 c5 2. Nf3 e6 3. d3 Nc6 4. g3 Nf6 5. Bg2 Be7 6. O-O O-O 7. Re1 d6 8. c3
Bd7 9. a3 b5 10. b4 cxb4 11. axb4 a5 12. bxa5 Rxa5 13. Rxa5 Qxa5 14. Qb3 Rb8
15. Nbd2 Qa4 16. Qxa4 bxa4 17. Ba3 d5 18. Ra1 Kf8 19. Kf1 dxe4 20. dxe4 Na5 21.
Ke1 Bxa3 22. Rxa3 Nb3 23. Nxb3 axb3 24. Nd2 b2 25. Nb1 Bc6 26. f3 Nd7 27. Bf1
f5 28. exf5 exf5 29. Ra5 g6 30. Be2 Ke7 31. Kd2 Kd6 32. Kc2 Ne5 33. Nd2 Bxf3
34. Rxe5 Kxe5 35. Bxf3 Kf6 36. Kb1 h5 37. h4 Rd8 38. Nf1 Rd3 39. Be2 Rxc3 40.
Kxb2 Rc5 41. Nd2 Re5 42. Bc4 Re3 43. Nf1 Rf3 44. Kc2 Rf2+ 45. Kd1 f4 46. Be2
Ke5 47. Ke1 Rg2 48. Bf3 Rb2 49. g4 hxg4 1/2-1/2

[Event "2.BLS 0203 Schmiden Cannst - SK Viernhe"]
[Site "?"]
[Date "2003.03.09"]
[Round "8.2"]
[White "Trachtmann, Mark"]
[Black "Vidonyak, Roman"]
[Result "0-1"]
[WhiteElo "2314"]
[BlackElo "2452"]
[PlyCount "148"]
[EventDate "2003.??.??"]

1. d4 Nf6 2. c4 c5 3. e3 g6 4. Nc3 Bg7 5. Nf3 O-O 6. Be2 d5 7. cxd5 Nxd5 8. Qb3
Nxc3 9. bxc3 Nc6 10. Ba3 Be6 11. Qa4 Bd7 12. Qb3 cxd4 13. exd4 Qa5 14. O-O Be6
15. Qb2 Rfd8 16. Rfd1 Rac8 17. Bc5 Bd5 18. a4 e5 19. Qb5 Qxc3 20. Rac1 Qb3 21.
dxe5 a6 22. Qxb3 Bxb3 23. Rxd8+ Nxd8 24. a5 Bd5 25. Ne1 Bxe5 26. Nd3 Bf6 27.
Rd1 Bb3 28. Rf1 Ne6 29. Bb6 Nd4 30. Bg4 Be6 31. Bxe6 Nxe6 32. h3 Rc2 33. Rd1
Bc3 34. Rb1 Ra2 35. Nc1 Ra1 36. Rxa1 Bxa1 37. Nb3 Bc3 38. Kf1 Kf8 39. Ke2 Ke7
40. Kd3 Be1 41. g3 h5 42. Ke2 Bb4 43. Kd3 Kd6 44. Kc4 Ba3 45. Nd2 f5 46. Nf3 g5
47. Ba7 g4 48. hxg4 hxg4 49. Bb8+ Ke7 50. Ne1 Bd6 51. Bxd6+ Kxd6 52. Nd3 Nd8
53. Nc5 Ke5 54. Nb3 Nc6 55. Kc3 Ke4 56. Nd2+ Kd5 57. Nc4 Kc5 58. Ne3 Ne7 59.
Nc4 Nd5+ 60. Kd3 Nb4+ 61. Kc3 Nc6 62. Ne3 Nxa5 63. Nxf5 Nc4 64. Nd4 Ne5 65.
Nb3+ Kd5 66. Na5 b6 67. Nb3 Nc6 68. Nd2 Ne5 69. Nb3 a5 70. Nd4 Ke4 71. Nc2 Kf3
72. Nd4+ Kxf2 73. Nf5 Nc6 74. Kc4 a4 0-1